000 00852nam a2200217Ii 4500
003 JO-AjNU
008 230605s9999||||xx |||||||||||||| ||und||
017 _a2009/9/3918
040 _aJO-AjNU
_bara
_erda
_cJO-AjNU
041 _aara
050 1 4 _aHG221.W2238 2010
100 3 _aالوادي،محمود حسين/م مشارك: حسين محمد سمحان، سهيل احمد سمحان,
_eauthor
_928161
245 0 0 _aالنقود والمصارف = Money and Banking
250 _aط1
264 3 1 _aعمان: دار المسيرة للنشر والتوزيع، 2010
300 _a231ص
_bيحتوي على ببلوغرافية ومصطلحات من 221-231ص
336 _atext
_btxt
_2rdacontent
337 _aunmediated
_bn
_2rdamedia
338 _avolume
_bnc
_2rdacarrier
650 4 _aالنقود - البنوك - الاقتصاد
_928162
999 _aA10888
_c14456
_d14456